01876cam a2200349 i 450000100090000000300090000900500170001800800410003502000310007602000280010704000740013508200220020910000630023124501680029425000200046226400700048230000460055233600260059833700280062433800270065249000550067950400520073450504320078665000380121865100100125665300240126665500240129070000350131494200120134999900170136195201480137817371416EG-ScBUE20240923112414.0120702s2013 mdua f b 001 0 eng d a9781421407944 (alk. paper) a1421407949 (alk. paper) aYDXCPbengerdacYDXCPdJHEdBWXdCDXdMUUdMYGdUKMGBdDLCdEG-ScBUE04a512.9434222bGOL1 aGolub, Gene H.q(Gene Howard),d1932-2007,eauthor.93855610aMatrix computations /cGene H. Golub, Department of Computer Science, Stanford University, Charles F. Van Loan, Department of Computer Science, Cornell University. aFourth edition. 1aBaltimore, Maryland :bThe Johns Hopkins University Press,c2013. axxi, 756 pages :billustrations ;c26 cm. 2rdacontentatextbtxt aunmediated2rdamediabn avolumebnc2rdacarrier0 aJohns Hopkins studies in the mathematical sciences aIncludes bibliographical references and index. 00g1.tMatrix multiplication --g2.tMatrix analysis --g3.tGeneral linear systems --g4.tSpecial linear systems --g5.tOrthogonalization and least squares --g6.tModified least squares problems and methods --g7.tUnsymmetric eigenvalue problems --g8.tSymmetric eigenvalue problems --g9.tFunctions of matrices --g10.tLarge sparse eigenvalue problems --g11.tLarge sparse linear system problems --g12.tSpecial topics. 7aMatricesxData processing.2BUEsh 2BUEsh bENGGENcOctober2015 vReading book9342321 aVan Loan, Charles F.,eauthor. 2ddccBB c20956d20928 00102ddc40708BaccahaMAINbMAINc1STd2015-10-22ePurchasel3m15o512.9434 GOLp000031113r2025-07-15 00:00:00s2018-04-02w2015-10-22yBB